000 00846nas a2200265 4500
001 BR2013007371
003 BR-BrBNA
005 20231205122919.0
007 ta
008 230509b bl.|||p| |||| 00| 00por d
040 _aBR-BrBNA
_bpor
_cBiblioteca Nacional de Agricultura
041 _a(Pt)
072 _aT01
100 1 _aSouza, D.B.P.
100 1 _aAlmeida, Z.S.
100 1 _aCarvalho-Neta, R.N.F.
245 1 _aBiomarcadores histológicos em duas espécies de bagres estuarinos da costa maranhense, Brasil
650 _aBAGRE
650 _aCONTAMINAÇÃO
650 _aPOLUENTE
650 _aCONTROLE AMBIENTAL
773 0 _tArquivo Brasileiro de Medicina Veterinária e Zootecnia (Brazil)
_xISSN 0102-0935
_g(Apr 2013), v. 65(2) p. 369-376
_wBR2013007371
909 _a202311
_bLúcia
_c55
_dLúcia Elande
942 _2AGRIS
_n0
_cANA
999 _c231236
_d231236